Turbo Pascal. Version 6.0. User's guide

Salvato in:
Dettagli Bibliografici
Natura: Libro
Lingua:inglese
Pubblicazione: Scotts Valley : Borland International, 1990
Tags: Aggiungi Tag
Nessun Tag, puoi essere il primo ad aggiungerne!!

MARC

LEADER 00000nam a22000003a 4500
001 stu294
005 20201005123340.6
008 910507s1990----xxu-----------------eng-d
040 |a STU  |b slo 
041 0 |a eng 
044 |a xxu 
080 |a 681.32.06 
080 |a TURBO PASCAL 
080 |a 519.682 
245 |a Turbo Pascal. Version 6.0. User's guide 
260 |a Scotts Valley :  |b Borland International,  |c 1990 
300 |a 257 s 
996 |b E74500  |c I*74500  |l II680  |s A  |a 24  |w stu294_0001